[Event "Porto Mannu op"]
[Site "Porto Mannu"]
[Date "2009.05.21"]
[Round "7"]
[White "Naumkin, Igor"]
[Black "Marin, Mihail"]
[Result "0-1"]
[WhiteElo "2488"]
[BlackElo "2564"]
[Annotator "Marin,M"]
[PlyCount "66"]
[EventDate "2009.05.16"]
[EventType "swiss"]
[EventRounds "9"]
[EventCountry "ITA"]
[SourceTitle "CBM 130 Extra"]
[Source "ChessBase"]
[SourceDate "2009.07.02"]
[SourceVersion "2"]
[SourceVersionDate "2009.07.15"]
[SourceQuality "1"]

1. d4 Nf6 2. c4 e6 3. Nf3 c5 {Choosing the opening against Igor is not an easy
task. His repertoire has not changed a bit over the last 20 years and he has
enormous experience in virtually all the openings. I quickly discarded the
Gruenfeld and the King's Indian, but noticed that he had not faced the Benoni
too many times. This was the only field where my experience was by far
superior, which explains my decision. There was one thing I failed to notice
during my preparation: Igor likes to sacrifice material under unclear
circumstances, for the sake of taking over the initiative. This aspect was
highlighted by Oleg Korneev during the post-mortem. Had I known this in
advance, I may have chickened out and played the Slav or something.} 4. d5 d6
5. Nc3 exd5 6. cxd5 g6 7. e4 Bg7 8. Be2 O-O 9. O-O Re8 10. Nd2 Nbd7 {I have
never played this line before, but I had written two articles about it (CBM
123 and 124), which made my preparation for the game quite easy.} 11. a4 a6 12.
f4 Rb8 13. a5 {In the first article, I had expressed my doubts about combining
f2-f4 with a4-a5. Black is given the possibility of opening the queenside,
while the white centre is a bit shaky. Also threatening, as the further course
of the game will reveal...} b5 14. axb6 Nxb6 15. Kh1 c4 16. Ra3 Qc7 17. Qe1 {
This idea was new to me and the move certainly is a novelty. White prepares
the transfer of the queen to the kingside, in the hope of launching a powerful
attack.} ({The game that inspired to write the articles went} 17. b4 $6 {
Navara,D (2656)-Gashimov,V (2664)/Reggio Emilia 2007/CBM 122/[Mihail Marin] 
(0-1, 55)}) ({A more solid approach is} 17. Bf3) 17... Nfd7 $6 {This generally
desirable transfer of the knight to c5 justifies White's previous move. Black
should not have released the pressure against the central pawns so easily. The
fact is that the pin along the e-file is quite unpleasant for White and he
would have problems carrying out his plan if Black maintained the kingside
configuration unchanged. The only thing is to find a useful move on the other
wing.} (17... Ra8 $5 {Maybe there are other possibilities as well, but this
move has a constructive plan: ...Bd7 followed by ...a5-a4.} 18. Qh4 {White,
too has problems finding a neutral move.} (18. h3 {takes over the h3-square
from the a3-rook.} Bd7) (18. f5 Nfd7 19. Qf2 Ne5 {Black has managed to
stabilize the position on the dark squares.} 20. f6 {This move fails to cut
the enemy bishop out of play, because White is not sufficiently well developed
to defend the f6-pawn.} Bh8 21. Qh4 Nbd7 {[%cal Gc7d8]} 22. g4 h6 $1) 18...
Nfxd5 $1 19. Nxd5 (19. exd5 Bxc3 20. Rxc3 Rxe2 21. b3 Bb7 {leaves the g2-pawn
vulnerable.}) 19... Nxd5 20. Bxc4 Nf6 21. f5 d5 $1 $132) 18. e5 $6 {This
typical pawn sacrifice is premature, because White has not sufficient
development.} (18. f5 $6 {leads to known effects:} Ne5 19. f6 Bh8 20. Qh4 Nbd7
21. g4 h6) ({White should have continued with his initial plan, taking
advantage of Black's previous inaccuracy:} 18. Qh4 $1 Nc5 (18... f5 19. exf5 $1
{Korneev} Bxc3 20. Rxc3 Rxe2 21. fxg6 Nf8 22. gxh7+ Kh8 23. f5 $40 {[%cal
Gd2e4]}) 19. f5 Bxf5 20. exf5 Bxc3 21. Rxc3 Rxe2 22. Rh3 $40 {In the similar
variation given in the comments to the 17th move, the h3-square was not that
easy to reach. besides, there is no counterattack against g2 now.}) 18... f5 $5
{I found this move after a long thought. I was not too keen to start pawn
grabbing and preferred to take the e4-square away from the white knights.} ({
However, it is not easy to prove any compensation for White after} 18... dxe5
19. f5 Nf6) 19. g4 $5 {A desperate attempt to complicate matters, but the
white king is exposed now.} (19. exd6 Qxd6 20. Qf2 Qc7 $15) ({After} 19. e6 Nf6
{White would not be able to maintain his far advanced pawns.} 20. Bf3 Bb7 21.
Ra5 Nbxd5 $1 {It was essential to evaluate the consequences of this tactical
operation in advance.} ({I also counted on the safety net offered by} 21... Nc8
$5 $11 22. b4 $6 cxb3 23. Nxb3 Ne7 $17 {[%cal Gb7a8]}) 22. Rxd5 Nxd5 23. Nxd5
Qc5 24. Qe3 Qxe3 25. Nxe3 Bxf3 26. Nxf3 (26. gxf3 c3 27. bxc3 Rxe6 28. Nd5 Re2
$15) 26... Rbc8 $15) 19... dxe5 20. gxf5 Nf6 21. fxg6 exf4 22. Qh4 (22. gxh7+
Kh8 {leaves the black king in absolute safety.}) 22... hxg6 23. Rxf4 Nbxd5 ({
I do not remember why I refrained from the more restrictive} 23... Nfxd5 24.
Nxd5 Nxd5 25. Bxc4 Be6 $17) 24. Rxc4 $5 {Deviating from the previous line.} Qf7
25. Nce4 Bb7 26. Kg1 Qe7 27. Rh3 (27. Qg3 Nb6 $1 $17) 27... Rbc8 $1 {Black has
completed his development and has a practically winning position. The white
king is exposed and the c1-bishop has not been developed yet.} 28. b3 $2 {
Probably caused by a miscalculation.} Rxc4 29. Bxc4 (29. bxc4 Nxe4) 29... Nxe4
30. Qh7+ Kf7 31. Rf3+ Nef6 {White's attack has come to an end and he cannot
avoid material losses.} 32. Bb2 Rh8 33. Bxf6 Rxh7 0-1

[Event "Excelsior Cup"]
[Site "Gothenburg"]
[Date "2001.??.??"]
[Round "3"]
[White "Aaberg, Anton"]
[Black "Marin, Mihail"]
[Result "0-1"]
[WhiteElo "2300"]
[BlackElo "2604"]
[Annotator "Marin,M"]
[PlyCount "78"]
[EventDate "2001.01.08"]
[EventType "tourn"]
[EventRounds "9"]
[EventCountry "SWE"]
[EventCategory "7"]
[SourceTitle "CBM 081"]
[Source "ChessBase"]
[SourceDate "2001.03.20"]
[SourceVersion "1"]
[SourceVersionDate "2001.03.20"]
[SourceQuality "1"]

1. d4 Nf6 2. c4 c5 3. d5 d6 4. Nc3 g6 5. Nf3 Bg7 6. Nd2 O-O 7. e4 e6 8. Be2 Na6
9. O-O Nc7 10. a4 b6 11. f4 exd5 12. cxd5 Re8 13. Re1 Ba6 14. Bf3 (14. Ra3 Bxe2
15. Rxe2 Na6 16. Nc4 {1/2-1/2 Spassky,B-Marin,M/FRA 1991/TD (16)}) (14. Bxa6
Nxa6 15. Nc4 Nb4 $11 {Baburin,A-Suetin,A, Berlin 1994}) 14... Bd3 15. Nf1 (15.
e5 dxe5 16. d6 Qxd6 17. fxe5 Rxe5 18. Bxa8 Qd4+ 19. Kh1 Ng4) (15. Nb3 c4 16.
Nd4 Nfxd5 17. Nc6 Nxc3) 15... c4 16. Ng3 (16. e5 dxe5 17. d6 Qxd6 18. Bxa8 Nxa8
) 16... Qd7 17. Bd2 (17. e5 dxe5 18. d6 e4 19. Ncxe4 Nxe4 20. Nxe4 Bxe4 21.
Bxe4 Rad8 $17 22. Qc2 Qxd6 23. Qxc4 Qd4+ 24. Qxd4 Rxd4 $19) 17... h5 $6 (17...
b5 $6 18. axb5 Nxb5 19. Nxb5 Qxb5 20. Bc3) (17... Rab8 $142 $1) 18. h4 $6 (18.
Nh1 $1) 18... Rab8 $15 19. Nh1 b5 20. Nf2 (20. axb5 Nxb5 21. Nxb5 Rxb5 22. Bc3
Bxe4 $1) 20... b4 21. Na2 Na6 22. Rc1 b3 23. Nc3 $6 (23. Nxd3 cxd3 (23... bxa2
24. Rxc4) 24. Nc3 Nb4) 23... Nb4 24. Be3 Nc2 25. Nxd3 cxd3 26. Qxd3 Nxe1 27.
Rxe1 Ng4 (27... Rb4 $5 {/\Rxa4}) 28. Bd4 Rb4 29. Bxg7 Kxg7 30. Re2 a5 31. g3
Qa7+ 32. Kg2 Rd4 $6 33. Nb5 $2 (33. Qb5 Rb8 34. Qc6 Rb6 35. Qc8 Rd3 (35... Rb8
$11) 36. Bxg4 hxg4 $13 37. Nb5 (37. Qxg4 $4 Rxc3 $1 $19) (37. e5 dxe5 38. fxe5
Qb7) 37... Rxb5 38. axb5 Qd4 39. Qxg4 Rd2 {עg2, קb2}) 33... Rxd3 34. Nxa7 f5
$19 35. Nb5 (35. Bxg4 hxg4) (35. exf5 Rxe2+ 36. Bxe2 Rd2 37. Kf3 Rxb2 $19)
35... Ne3+ (35... fxe4) 36. Kg1 (36. Rxe3 Rxe3 37. Nxd6 R8xe4 38. Bxe4 fxe4) (
36. Kf2 Nd1+) 36... fxe4 (36... Nc4 $6 37. exf5 $1) 37. Nxd6 exf3 38. Nxe8+ Kf8
39. Re1 Ng4 (39... Kxe8 $4 40. Kf2 $1) 0-1

[Event "Metz op 31th"]
[Site "Metz"]
[Date "2013.04.23"]
[Round "5"]
[White "Nguyen, Chi Minh"]
[Black "Vishnu, Prasanna V"]
[Result "1/2-1/2"]
[WhiteElo "2372"]
[BlackElo "2470"]
[Annotator "Metz Alekhine/Primel,D"]
[PlyCount "54"]
[EventDate "2013.04.20"]
[EventType "swiss"]
[EventRounds "9"]
[EventCountry "FRA"]
[SourceTitle "EXT 2016"]
[Source "ChessBase"]
[SourceDate "2015.10.08"]
[SourceVersion "1"]
[SourceVersionDate "2015.10.08"]
[SourceQuality "1"]
[TimeControl "40/5400:1800+30"]
[WhiteClock "1:30:00"]
[BlackClock "1:30:00"]

1. d4 {01H30} Nf6 2. c4 g6 3. Nc3 Bg7 4. e4 d6 5. f4 O-O 6. Nf3 c5 7. d5 e6 8.
Be2 exd5 9. cxd5 Re8 10. Nd2 {84} Ng4 {82} (10... Na6 11. O-O Nc7 12. a4 a6 13.
Bf3 Rb8 14. Re1 b5 15. axb5 axb5 16. Nb3 Bb7 17. Na5 Ba8 18. Nc6 Bxc6 19. dxc6
b4 20. Nd5 Nb5 {1/2-1/2 (20) Arnaudov,P (2448)-Rusev,K (2539) Milano 2013}) 11.
Bxg4 Qh4+ 12. g3 Qxg4 13. Qxg4 {81} Bxg4 {83} 14. Kf2 $5 {Toujours théorique
et le français a beaucoup d'expérience sur cette attaque des 04 P} (14. Nb5)
14... f5 {58 Une nouveauté trouvée devant l'échiquier} 15. h3 fxe4 $1 16.
hxg4 Bxc3 17. bxc3 {[%emt 0:00:50]} e3+ {[%emt 0:00:57]} 18. Kf3 exd2 19. Bxd2
Nd7 20. c4 $146 {Les Blancs ont un bon avantage d'espace et le K Noir est
relativement exposé} (20. Rab1 Rab8 21. Rhe1 Nb6 22. Re6 Nc4 23. Be3 Rf8 24.
Ke4 b5 25. f5 gxf5+ 26. gxf5 Nxe3 27. Kxe3 Rxf5 28. Rxd6 Re8+ 29. Re6 Rd8 30.
Rxb5 Rfxd5 31. Kf4 Rf8+ 32. Kg4 h5+ 33. Kh3 Rf7 34. Rc6 Rd2 35. Rbxc5 Rxa2 36.
Rxh5 a5 37. Rc8+ Kg7 38. Rg5+ Kf6 39. Kg4 a4 40. Rc6+ Ke7 41. Kh5 Raf2 42. Rc7+
Kf8 43. Rxf7+ Kxf7 44. Ra5 Rf3 45. g4 Rxc3 46. Rxa4 Rc6 47. Ra7+ Kg8 48. g5 Rb6
49. g6 Rb1 {Araque,R (2210)-Martin del Campo,R (2420) Curitiba 1993 1/2-1/2})
20... Rf8 21. Bc3 Nb6 22. Rae1 Rfe8 23. f5 Rxe1 {Concède le contrôle de la
colonne "e" mais les Noirs espèrent libérer le K Noir de la protection du
P"h7"} 24. Rxe1 Kf7 25. Rh1 $1 Kg8 26. fxg6 {[%cal Gh1h8]} Rf8+ $8 27. Ke2 hxg6
1/2-1/2

[Event "POL-chT 66th"]
[Site "Katowice"]
[Date "2010.09.09"]
[Round "6"]
[White "Moranda, Wojciech"]
[Black "Szelag, Marcin"]
[Result "1/2-1/2"]
[WhiteElo "2572"]
[BlackElo "2464"]
[Annotator "RR"]
[PlyCount "66"]
[EventDate "2010.09.04"]
[EventType "team-tourn"]
[EventRounds "9"]
[EventCountry "POL"]
[SourceTitle "EXT 2016"]
[Source "ChessBase"]
[SourceDate "2015.10.08"]
[SourceVersion "1"]
[SourceVersionDate "2015.10.08"]
[SourceQuality "1"]
[WhiteTeam "Dankowice"]
[BlackTeam "Poznan Pocztowiec"]
[WhiteTeamCountry "POL"]
[BlackTeamCountry "POL"]

1. d4 Nf6 2. c4 g6 3. Nc3 Bg7 4. e4 d6 5. f4 O-O 6. Nf3 c5 7. d5 e6 8. Be2 exd5
9. cxd5 Re8 10. e5 dxe5 11. fxe5 Ng4 12. e6 fxe6 13. d6 (13. Bg5 Qb6 14. Qd2 c4
15. O-O-O exd5 16. Nxd5 Qxb2+ 17. Qxb2 Bxb2+ 18. Kxb2 Rxe2+ 19. Kc3 Nc6 20.
Rhe1 Rxe1 21. Rxe1 Bf5 22. h3 Nf2 23. Bh6 Nd3 24. Ng5 Nce5 25. Rf1 b5 26. g4
b4+ 27. Kd4 Rd8 28. gxf5 b3 29. axb3 cxb3 30. fxg6 hxg6 31. Ke4 {1-0 (31)
Jobava,B (2704)-Ponkratov,P (2611) Moscow 2012}) 13... Qb6 14. Ng5 Ne5 15. O-O
Nbc6 16. Nge4 c4+ $146 (16... Nd4 17. Na4 Qc6 18. Naxc5 b6 19. Qxd4 Nf3+ 20.
Bxf3 Bxd4+ 21. Kh1 Qb5 22. Be3 Bg7 23. a4 Qxb2 24. d7 Bxd7 25. Nxd7 Red8 26.
Rab1 Qa3 27. Nef6+ Kh8 28. Bxa8 Rxa8 29. Bd4 Qxa4 30. Rf4 Rd8 31. Be5 Qa5 32.
Rbf1 Qd2 33. Ne8 Kg8 34. Rf8+ {1-0 (34) Bach,M (2340)-Watzke,B Dresden 1996})
17. Kh1 Bd7 18. Bg5 Rf8 (18... Qxb2 $6 19. Rb1 {[%csl Rb7]}) 19. Nf6+ Bxf6 20.
Bxf6 Qe3 21. Qe1 Nd4 22. Qh4 Nf5 $1 {[%csl Rf6]} 23. Qe4 Nd3 $36 {[%csl Gd3]}
24. Bxd3 cxd3 25. Qxb7 Rab8 26. Qc7 (26. Qxd7 Rxf6) 26... Rxb2 27. Nd1 (27. Rf3
Qb6 28. Qxd7 Rxf6 29. Qe8+ $40) 27... Qh6 28. Nxb2 (28. Qxd7 Ng3+ $1 29. Kg1
Ne2+ $1 30. Kf2 $4 Rxf6+) 28... Ng3+ 29. Kg1 Ne2+ 30. Kh1 Ng3+ 31. Kg1 Ne2+ 32.
Kh1 Ng3+ 33. Kg1 Ne2+ 1/2-1/2

[Event "Tsaghkadzor op"]
[Site "Tsaghkadzor"]
[Date "2017.12.01"]
[Round "9"]
[White "Bosiocic, Marin"]
[Black "Shyam, Sundar M"]
[Result "0-1"]
[WhiteElo "2597"]
[BlackElo "2528"]
[Annotator "Ramesh,Ramachandran B"]
[PlyCount "70"]
[EventDate "2017.11.23"]
[EventType "swiss"]
[EventRounds "9"]
[EventCountry "ARM"]
[SourceTitle "CBM 181 Extra"]
[Source "ChessBase"]
[SourceDate "2017.12.12"]
[SourceVersion "1"]
[SourceVersionDate "2017.12.12"]
[SourceQuality "1"]

{This is a complicated game and can used as an exercise to work on analysing
complex positions} 1. d4 Nf6 2. c4 e6 3. Nf3 c5 4. d5 d6 5. Nc3 exd5 6. cxd5 g6
7. Nd2 Na6 8. e4 Nc7 9. Be2 Bg7 10. O-O O-O 11. a4 Re8 12. f4 h5 13. h3 Rb8 14.
Bf3 $2 $13 (14. Bd3 $1 $14 {whites position is much preferable} a6 15. a5 $1
Bd7 16. Nc4 Bb5 (16... Nb5 17. f5 $1 $16) 17. Nb6 Bxd3 18. Qxd3 Nb5 19. e5 $1
dxe5 20. fxe5 Rxe5 21. Bf4 $16 Re8 22. Nxb5 axb5 23. Qf3 $1 Ne4 24. Bxb8 Qxb8
25. Qxf7+ Kh7 26. Nd7 $18 (26. Rad1 $2 Nd6 $1)) 14... b6 15. Re1 Ng4 $1 {
the game becomes very volatile after this move} 16. e5 (16. hxg4 Bd4+ 17. Kf1
Qh4) 16... dxe5 17. hxg4 $1 exf4 $1 (17... Qh4 18. f5 $18) (17... e4 $2 18.
Ndxe4 hxg4 19. d6 (19. Bxg4 f5 20. d6 $1 {transposes}) 19... Ne6 20. Bxg4 f5
21. Nd5 $1 $18 (21. d7 Qxd7 $13)) (17... hxg4 18. Bxg4 exf4 19. Rxe8+ Qxe8 20.
Bxc8 Bd4+ 21. Kf1 Qe3 22. Qf3 $1 $18 Qg1+ 23. Ke2 Rxc8 24. Nb3 $1 $18 Re8+ 25.
Kd3 Bxc3 26. Bxf4) 18. Rxe8+ Nxe8 19. Nb3 (19. Nde4 $1 hxg4 (19... Qh4 20. Nb5
$1 (20. gxh5 $6 Nd6 $1 21. Ne2 Ba6 22. g3 $1 fxg3 23. N2xg3 Nxe4 24. Nxe4 Be5
$1 25. Qd2 $13) 20... hxg4 21. Bxf4 gxf3 22. Bxb8 Qxe4 23. Qxf3 $16) 20. Bxf4
$1 Bd4+ 21. Nf2 Rb7 22. Be2 $14) 19... g5 $6 (19... hxg4 20. Bxg4 (20. Bxf4
gxf3 21. Bxb8 Bg4 $1 22. gxf3 Qxb8 23. fxg4 Qg3+ 24. Kf1 Nf6) 20... g5 (20...
Qh4 21. Bxc8 Rxc8 22. Bd2 $1 Nd6 $44 (22... c4 $2 23. Be1 $1 $16)) 21. Bxc8
Qxc8 $44) (19... c4 20. Bxf4 $1 $18) 20. gxh5 Nd6 21. Nb5 Nf5 $2 {after this
error, white is winning as per engines but practically over the board, the
variations are hard to find} (21... Rb7 $1 22. Qf1 (22. Nxd6 Qxd6 23. a5 b5 24.
a6 Re7 {black has good compensation}) 22... Nf5 23. Bd2 a6 24. Nc3 Nd4 $13) (
21... f5 $2 22. Nxa7 g4 23. Nc6 Qh4 24. Bxf4 gxf3 25. Qxf3 $18) 22. Nxa7 $18 (
22. d6 a6) 22... c4 23. Nc6 Qd6 24. Nd2 Qc5+ 25. Kh2 Qf2 26. Ne4 Qh4+ 27. Kg1 {
the first wave of attack is almost over and it looks like the danger is over
for white now but...} Bd7 28. Nxb8 $2 {this throws away all the advantage} (28.
h6 $3 {was called for and the point is not apparent at all now but when we go
through the variations, it will be clear including h6 is very important for
white} Bh8 (28... Bxh6 29. Nxb8 $18) (28... Nxh6 29. Nxb8 $18) 29. Nxb8 (29.
h7+ Kxh7 30. g3 $1 (30. g4 $1) 30... fxg3 (30... Nxg3 31. Nxb8 $1 g4 32. Nxd7
gxf3 33. Qxf3 Bd4+ 34. Nf2 $18) 31. Nxb8 Qh2+ 32. Kf1 Bd4 33. Ke1 $1 $18) 29...
Bd4+ 30. Kf1 g4 31. h7+ $1 $18 {another reason why h6 earlier was necessary} (
31. Bxf4 Qh1+ 32. Ke2 gxf3+ 33. gxf3 Qg2+ 34. Ke1 Ng3 $1 (34... Nh4 $2 35. h7+
Kxh7 36. Ng5+ $18) 35. Bxg3 Qg1+ 36. Kd2 Qe3+ 37. Kc2 Qb3+ 38. Kd2 Qe3+ $11)
31... Kh8 (31... Kxh7 32. g3 $3 (32. Bxf4 Qh1+ 33. Ke2 gxf3+ 34. gxf3 Qg2+ 35.
Ke1 Ng3 $11) 32... Qh2 (32... fxg3 33. Nxd7 (33. Bg2 $4 Qh2 $19) 33... Qh2 34.
Ndf6+ Kg6 35. Nxg4) 33. Ke1 $3 (33. Nxd7 Nxg3+ 34. Ke1 Be3 $1 (34... Qg1+ $4
35. Kd2 Qh2+ 36. Be2 Nxe4+ 37. Kc2 f3 38. Qxd4 Qxe2+ 39. Bd2 $18)) (33. Bxf4
Qg1+ 34. Ke2 gxf3+ 35. Kxf3 (35. Kd2 Qg2+ $19) 35... Nh4+ $1) (33. Nf6+ Kg6 34.
Nxg4 Nxg3+ 35. Ke1 Bxg4 $19 36. Qxd4 Bxf3 37. Qxc4 (37. Qe5 Qg1+ 38. Kd2 Qd1+
39. Kc3 Qd3+ 40. Kb4 Qb3#) 37... Ne4) 33... Nxg3 (33... fxg3 34. Nxd7 $18) 34.
Bxf4 $1 (34. Qxd4 gxf3 35. Nxg3 (35. Nf2 $2 Qg1+ 36. Kd2 Bf5 $1 37. Nc6 c3+ $1
(37... Ne4+ $4 38. Nxe4) (37... Qf1 38. Ra3 c3+ $1 $19) 38. bxc3 Nf1+ 39. Kd1
Ne3+ 40. Kd2 Qxf2#) 35... fxg3 36. Qe4+ Kh8 $1 (36... Kg7 37. Qxf3) 37. Qxf3
Bg4 $1 $11 (37... g2 38. Be3 g1=Q+) 38. Qxg4 Qf2+ 39. Kd1 g2 $1 (39... Qf1+ $2
40. Kd2 $18) 40. Be3 Qf1+ $1 41. Kd2 Qd3+ 42. Kc1 Qxe3+ 43. Kc2 $11 Qd3+ 44.
Kc1 Qf1+ 45. Kd2) (34. Ng5+ Kg6 35. Qxd4 gxf3 36. Qf2 Qh1+ 37. Kd2 Kxg5 $19) (
34. Nxd7 $2 Be3 $1) 34... gxf3 35. Qxf3 (35. Bxg3 $2 Qg1+ 36. Kd2 Qe3+ 37. Kc2
Qxe4+ 38. Kc1 Be3+ $19) 35... Qg1+ 36. Kd2 Qxa1 (36... Qh2+ 37. Nf2 $1 Bxf2 38.
Rh1 $1 $18 Qxh1 39. Qxh1+ Nxh1 40. Nxd7 $18) 37. Nxg3 $1 $18 Qxb2+ 38. Ke1 Qb1+
39. Ke2 Qc2+ 40. Bd2 c3 41. Qxf7+ Bg7 42. Nxd7 Qxd2+ 43. Kf3 $18) 32. Bxf4 Qh1+
33. Ke2 gxf3+ 34. gxf3 Qg2+ 35. Ke1 $18) (28. g3 fxg3 29. Nxb8 $2 (29. Qe2 Nd4
30. Nxd4 Bxd4+ 31. Be3 Bxe3+ 32. Qxe3 Qh2+ 33. Kf1 Bh3+ 34. Ke1) 29... Qh2+ 30.
Kf1 Nh4) (28. Bd2 Bxc6 29. Be1 Ng3 30. Bxg3 fxg3 31. dxc6 g4 32. Nxg3 Qxg3 33.
Bxg4 $11) 28... Bd4+ 29. Kf1 g4 $1 $11 (29... Be3 30. Qe1 $18) (29... Qh2 30.
Ke1 $18 (30. Qe1 $18)) 30. g3 $2 (30. Bxf4 $1 {only way to save the game for
white} Qh1+ (30... gxf3 31. Qxf3 Qh1+ 32. Ke2 Qxa1 33. Nxd7 Qxb2+ 34. Bd2 $18)
31. Ke2 gxf3+ 32. gxf3 $1 (32. Kxf3 Nh4+ $19 33. Ke2 (33. Kg3 Qxg2+ 34. Kxh4
Qh3+ 35. Kg5 Qf5+ $19) 33... Bg4+ 34. Kd2 Qxg2+) 32... Qg2+ 33. Ke1 Nh4 (33...
Ng3 $11) 34. Qe2 $1 (34. Ra3 $2 c3 $1 35. Rxc3 Bxc3+ $19) 34... Nxf3+ 35. Kd1
Qh1+ 36. Kc2 Qxa1 37. Nxd7 $1 (37. Qxf3 $2 Qxb2+ 38. Kd1 Bxa4+ 39. Ke1 Qb1+ 40.
Kd2 c3+) 37... Ne1+ $1 (37... Qxb2+ 38. Kd1 Qa1+ 39. Bc1 Qxa4+ 40. Qc2 Qxd7 41.
Qg2+ Kh8 42. Qxf3 Qxd5 $14) 38. Kd2 Qxb2+ 39. Kxe1 Qb1+ 40. Kd2 (40. Qd1 $4
Qxe4+ 41. Qe2 Qxf4 $19) 40... Qb2+ $11 41. Kd1 Qb3+ $1 (41... Qa1+ 42. Bc1
Qxa4+ 43. Ke1 Qxd7 44. Qxc4 $18) 42. Qc2 Qf3+ 43. Kc1 Qf1+ (43... Qxf4+ 44. Kb1
Qf1+ 45. Qc1 Qd3+ 46. Qc2 Qf1+ $11) 44. Kd2 (44. Qd1 $4 Qxf4+ 45. Nd2 c3 $17)
44... Qxf4+ 45. Ke1 (45. Kd1 Qf1+ 46. Kd2) 45... Qe3+ 46. Qe2 Qc1+ 47. Qd1 Qe3+
$11) 30... Qh2 $1 $19 {black is winning after this} (30... fxg3 31. Nxd7 Qh2
32. Ndf6+ Kg7 33. Nxg4 $18) 31. Bxf4 (31. Ke1 $5 fxg3 $1 32. Bg2 $1 Qg1+ $1 33.
Bf1 Nh4 $1 $19) 31... Qg1+ 32. Ke2 gxf3+ 33. Kxf3 Nh4+ $1 34. Ke2 Bg4+ 35. Kd2
Qg2+ 0-1

[Event "London Classic 7th"]
[Site "London"]
[Date "2015.12.05"]
[Round "2"]
[White "Nakamura, Hikaru"]
[Black "Vachier Lagrave, Maxime"]
[Result "1/2-1/2"]
[WhiteElo "2793"]
[BlackElo "2765"]
[Annotator "Sagar Shah/CB Website"]
[PlyCount "113"]
[EventDate "2015.12.04"]
[EventType "tourn"]
[EventRounds "9"]
[EventCountry "ENG"]
[EventCategory "22"]
[SourceTitle "CBM 170"]
[Source "ChessBase"]
[SourceDate "2016.01.15"]
[SourceVersion "1"]
[SourceVersionDate "2016.01.15"]
[SourceQuality "1"]

1. d4 Nf6 2. Nf3 g6 3. e3 $5 {Nakamura plays something offbeat to get an
original position.} Bg7 4. c4 O-O 5. Be2 {By not developing his knight on c3
White dissuades Black from playing the Grünfeld.} c5 (5... d5 6. cxd5 Nxd5 7.
e4 {is considered as pleasant for White.}) 6. d5 d6 7. Nc3 e6 8. O-O exd5 9.
cxd5 {Now we are in Benoni territory where White has played the e3 Be2 line.
Of course this is in no way theoretically threatening, especially because
White will be a tempo down in the main lines when he has to go e3-e4. However,
the position is still quite interesting and White can hope for a small edge.}
Na6 10. Nd2 Rb8 11. e4 Re8 12. f3 Nh5 13. f4 Nf6 14. Kh1 Nc7 15. a4 a6 16. a5
Bd7 {Black has a very comfortable version of the Benoni. White's pieces are
clumsily placed. And Black can use the b5-square for his pieces.} 17. Bf3 Nb5
18. e5 $6 dxe5 19. fxe5 Rxe5 $17 {Nakamura sacrifices a pawn to muddy the
waters but the position is just clearly better for Black.} 20. Nc4 Rf5 21. Ne2
Rxf3 $5 {A very interesting exchange sacrifice.} (21... Ng4 $1 22. Bxg4 Rxf1+
23. Qxf1 Bxg4 $17 {was even stronger.}) 22. gxf3 Bh3 23. Re1 Qxd5 24. Nf4 Qxd1
25. Rxd1 {Black has two pawns for the exchange and excellent co-ordination.}
Bd7 26. Be3 Bc6 27. Kg2 Re8 28. Kf2 g5 29. Nd3 g4 30. Nde5 Bd5 31. Rg1 h5 32.
h3 Bxc4 $6 (32... gxf3 $1 {would have lead to a winning position for Black but
requires great deal of calculation.} 33. Bh6 Ne4+ $1 34. Ke3 (34. Kxf3 $2 Ng5+
$19) 34... Kh7 $1 35. Bxg7 f2 $1 36. Rg2 Nd4 $19 {and Black is a complete rook
down but with threats like ...Nc2+ he has a winning position. Of course this
is not so easy to see during the game.}) 33. Nxc4 $11 {The worst is over for
White.} Nd5 34. fxg4 Nxe3 35. Nxe3 Bxb2 36. Rae1 Bc3 37. Re2 Bd4 38. Kf3 Nc3
39. Ree1 Ne4 40. gxh5+ Kh7 41. Rg2 Nd6 42. Ree2 Re5 43. Nc2 Rxh5 44. Nxd4 cxd4
45. Rg4 Rxa5 46. Rxd4 Nf5 47. Rb4 b5 48. Kf4 Nh6 49. Ke5 Ra3 50. h4 Rg3 51. Ra2
Rg6 52. Rb1 Re6+ 53. Kf4 Rf6+ 54. Ke4 Re6+ 55. Kf4 Rf6+ 56. Ke4 Re6+ 57. Kf4
1/2-1/2